000 00592nam a2200205 a 4500
001 000009166
003 DO-SdBNP
005 20240226143436.0
008 090928s1952 dr 000 0 spa d
040 _aDO-SdBNP
_bspa
_cBNPHU
082 _axxx
_bD542m
100 1 _aDíaz, Vigil,
_d1880-1961
_922114
245 1 0 _aMúsica de ayer /
_cVigil Díaz.
260 _aCiudad Trujillo, República Dominicana :
_bMontalvo,
_c1952.
300 _a49 p. ;
_c21 cm.
590 _aInventariado, 2022/ YL
590 _aEjemplares autografiados por el autor.
910 _aYLockward
942 _2ddc
_cLBS1
999 _c8930
_d8930